000 00525nam a2200181Ia 4500
999 _c29682
_d29682
003 OSt
005 20201119123924.0
008 190216s9999||||xx |||||||||||||| ||und||
020 _a9788182649552
040 _coclc
082 _a920
_bDIV/P
100 _aDivakaran, R V M
_96780
245 0 _aPriyappetta Gabo /
_cR V M Divakaran
260 _bMathrubhumi Printing And Publishing,
_c2010.
_aKozhikode:
300 _a264p
650 _aJeeva Charithram
942 _cBK
_2ddc
_h920
_iDIV/P
_k920
_mDIV/P